Historia Das Ideias Politicas Vol1 (Record no. 2158)

MARC details
000 -Etiqueta do registo
Campo de controlo de comprimento fixo 00357 a2200145 4500
020 ## - ISBN (NÚMERO DE LIVRO PADRÃO INTERNACIONAL)
ISBN 978-972-40-1076-2
040 ## - Fonte de Catalogação
Agência de catalogação Biblioteca Geral- Universidade Lusíada de Angola
082 ## - DEWEY DECIMAL CLASSIFICATION NUMBER
Classificador- CDU 321.01
100 ## - Nome Pessoal
9 (RLIN) 341
Autor AMARAL, Diogo Freitas do
245 ## - Declaração de Título
Título Historia Das Ideias Politicas Vol1
260 ## - Publicação e Destribuíção
Local de edição/distribuição Coimbra ,
Editor/distribuidor ALMEDINA
Data de edição/distribuição 2011.
300 ## - Descrição Física
Nº Pág. 410p
650 ## - MATERIA
MATERIA Relacoes Internacionais
942 ## - - Elementos de entrada adicionados (koha)
Tipo de documento Livros
Holdings
Withdrawn status Lost status Source of classification or shelving scheme Damaged status Not for loan Permanent Location Current Location Date acquired Inventory number Total Checkouts Full call number Barcode Date last seen Price effective from Koha item type
    Dewey Decimal Classification     Biblioteca Geral- Universidade Lusíada de Angola Biblioteca Geral- Universidade Lusíada de Angola 05/01/2026 9 (1)   321.01 2026-0001 05/01/2026 05/01/2026 Livros